000 00578nam a2200217Ia 4500
008 101110s9999 xx 000 0 und d
041 _aMARATHI
082 _bSR34115
_a891.4692
100 _aPatil Rajesh
245 _aTai, mi collector vhaynoo ! (aatmakathan)
260 _c2010
_bGranthali prakashan, Mumbai
300 _a154
365 _b150
520 _aMarathi
546 _aMARATHI
630 _aTai, mi collector vhaynoo ! (aatmakathan)
650 _aMarathi
655 _aMarathi
730 _aTai, mi collector vhaynoo ! (aatmakathan)
942 _cBOOK
999 _c826616
_d826613